000 00447nam a22001937a 4500
003 bpm
005 20260422085032.0
008 260422b |||||||| |||| 00| p spa d
024 _aS. C. C. / M. C. y E. M.:
040 _aAR-CtUCP
041 _aspa
080 _aCDU
100 _aAlejandro Mauriño
245 _aRetazos
260 _aCorrientes
_bArtes Offset
_c1996
650 _aLiteratura - Poesía
942 _cLIB
999 _c76686
_d76686